| 000 | 00961nam a2200301Ia 4500 | ||
|---|---|---|---|
| 003 | OSt | ||
| 005 | 20240918152026.0 | ||
| 008 | 210210b2012 xxu||||| |||| 00| 0 eng d | ||
| 020 | _a8126033223 | ||
| 040 | _cAL | ||
| 041 | _aKannada | ||
| 082 | _aK894.108 SHRB | ||
| 100 |
_aSHRINIVASARAJU _dಶ್ರೀನಿವಾಸರಾಜು _9179337 |
||
| 245 |
_aBidugadeya belaku: 1980-2000 ra avadhiya ayda kavanagalu _bಬಿಡುಗಡೆಯ ಬೆಳಕು: 1980-2000 ರ ಅವಧಿಯ ಆಯ್ದ ಕವನಗಳು |
||
| 260 |
_aNavadehali _bSahity Akademi _c2012 |
||
| 300 | _a243 | ||
| 650 |
_ara _9179338 |
||
| 650 |
_akavanagalu _9179339 |
||
| 650 |
_aBidugadeya _9179340 |
||
| 650 |
_abelaku: _9179341 |
||
| 650 |
_aayda _9179342 |
||
| 650 |
_aavadhiya _9179343 |
||
| 650 |
_a1980-2000 _9179344 |
||
| 690 |
_aKannada Poetry _9179345 |
||
| 700 |
_aSARVAMANGALA Ed _dಸರ್ವಮಂಗಳ _9179346 |
||
| 906 | _a072039 | ||
| 942 |
_2ddc _cBK |
||
| 999 |
_c122124 _d122124 |
||